Ejecución de la pena privativa de libertad: una mirada comparada

Tallennettuna:
Bibliografiset tiedot
Yhteisötekijä: Programa Eurosocial (Tekijä)
Aineistotyyppi: Kirja
Kieli:espanja
Julkaistu: Madrid Eurosocial 2014
Painos:1a. ed
Sarja:Guía y Manuales. Documento de Trabajo, 17
Aiheet:
Tagit: Lisää tagi
Ei tageja, Lisää ensimmäinen tagi!

MARC

LEADER 00000cam a2200000 a 4500
001 UCE7695
003 CL-VaPUC
008 150626e20140000sp |||||||||||||||||spa|d
082 0 4 |a 345.82  |b PRO  |2 21 
110 2 |a Programa Eurosocial  |e author  |9 580387 
245 1 0 |a Ejecución de la pena privativa de libertad: una mirada comparada 
250 |a 1a. ed 
300 |a 589 p 
942 |c BK 
945 |d 20150626 15:30:00  |a gsalatino 
260 |a Madrid  |b Eurosocial  |c 2014 
650 0 |a Penas privativas de libertad  |9 383297 
650 0 |a Derecho comparado  |9 255664 
651 7 |a CHILE  |2 CL-VaPUC  |9 580388 
651 0 |a España  |9 254926 
583 |a last modification  |c 20150702 12:48:42  |k Rodrigo Vera 
490 0 |a Guía y Manuales. Documento de Trabajo, 17 
999 |c 359743  |d 359741 
952 |0 0  |1 0  |3 erb  |4 0  |6 345_820000000000000_PRO_2014  |7 0  |8 A  |9 469271  |a BIBDER  |b BIBDER  |i 5164435  |l 1  |m 7  |o 345.82 PRO 2014  |p 5164435  |q 2025-12-31  |r 2020-03-05  |s 2020-03-05  |w 2019-11-23  |y BK  |z Catalogado en:20150626  |k DER 
952 |0 0  |1 0  |3 erb  |4 0  |6 345_820000000000000_PRO_2014  |7 0  |8 A  |9 469272  |a BIBDER  |b BIBDER  |i 5164427  |l 1  |m 1  |o 345.82 PRO 2014  |p 5164427  |r 2024-11-26  |s 2024-11-08  |w 2019-11-23  |y BK  |z Catalogado en:20150626  |k DER